000 00416nam a22001697a 4500
005 20220628111205.0
008 220628b ||||| |||| 00| 0 eng d
040 _cAACR2
082 _a332.64
100 _aAldridge, Irene
_913236
245 _aHigh frequency trading
250 _a2nd
260 _aNew Jersey
_bWiley
_c2010
300 _aXIII, 306p.
650 _aBusiness strategy
_913237
942 _2ddc
_cBK
999 _c189699
_d189699